000
00235nam a22000857a 4500
008
170123b xxu||||| |||| 00| 0 eng d
100
_9
2527
_a
Malhotra.R.etal.
245
_a
Wonder World Environment-S-2
260
_a
New delhi
_b
Brittannica
_c
2011
999
_c
5614
_d
5614